Pays les plus visités dans le monde - Statistiques

Statistiques générales
  • Ce quiz a été pris 6 929 fois
    742 depuis la dernière actualisation
  • Le résultat moyen est 8 sur 10
Statistiques - réponses
Visiteurs Pays % Correct
102 millions France
99%
93,8 millions Espagne
93%
72,4 millions États-Unis
93%
36,9 millions Japon
90%
57,8 millions Italie
88%
37,5 millions Allemagne
77%
45 millions Mexique
73%
36 millions Grèce
53%
35,5 millions Thaïlande
52%
60,6 millions Turquie
48%
Aucun quiz correspondant
Distribution des résultats
% des personnes avec chaque résultat
Percentile par nombre de réponses
Votre historique - résultats
Vous n’avez pas pris ce quiz depuis la dernière actualisation